LDR 00941naa#a2200193#i#450# 001 EN\\bibl\113760 005 20260419041717.7 011 ## _a2071-7318 100 ## _a20260409b2026####ek#y0engy0150####ca 102 ## _aRU 200 1# _aIDENTITY RESEARCH METHODS FOR BUILT-UP AND UNBUILDED TERRITORIES OF THE LENINGRAD REGION _eJournal article 210 1# _aBelgorod _cBelgorod State Technological University named after V.G. Shukhov _d2026 215 ## _a15 с. 608 ## _aJournal article _2local 675 ## _aПланировка в масштабе страны. Районная планировка.Градостроительство. Ландшафтная и садово-парковая архитектура. Преобразование ландшафта. 71 _aТеория, философия, эстетика архитектуры. 72.01 _z 700 #1 _aPerkova _gM. V. 700 #1 _aVoznyak _gE. R. 700 #1 _aLadik _gE. I. 856 4# _anaukaru.ru _u